000 02321cam a22005174i 4500
003 PE-LiUPU
005 20250731173029.0
008 170809s2006 miu rb 000 0 eng d
035 _a(Sirsi) a238213
040 _aPE-LiUPU
_bspa
_cPE-LiUPU
_erda
049 _aPRUA
082 0 4 _a266.6732
_bA2
_220
245 0 0 _aAdventist responses to cross-cultural mission /
_cBruce L. Bauer [editor].
264 1 _aBerrien Springs, Michigan :
_bDepartament of World Mission, Andrews University,
_c2006.
300 _a2 volúmenes ;
_c23 centímetros.
336 _atext
_2rdacontent
337 _aunmediated
_2rdamedia
338 _avolume
_2rdacarrier
490 0 _aAndrews University mission studies ;
_v3
490 0 _aAndrews University mission studies ;
_v4
504 _aBibliografía : Al final de cada capítulo (volumen 1)
504 _aBibliografía : Al final de cada capítulo (volumen 2)
505 0 _gVolumen 1.
_tJanuary 13-14,1998 -- January 13-14,1999 -- February 5-7, 2000 -- April 11-12, 2001.
505 0 _gVolumen 2.
_tApril 8-9, 2002 -- April 6-7, 2003 -- April 5-6, 2004 -- April 4-5, 2005.
526 _aSEG42
526 _aSEG41
526 _aSEG40
526 _aSEG39
526 _aP94
526 _aP87
526 _aP86
526 _aP85
526 _aP77
526 _aP76
526 _aP35
650 1 4 _aAdventistas del Séptimo Día
_xMisiones
_vCongresos.
650 2 4 _aCristianismo y otras religiones
_vCongresos.
910 _ajck
_bncf
_cncf
_d20170808
942 _2ddc
_cBOOK
949 _a266.6732 A2
_wDEWEY
_c1
_i76702
_lCCODEBUL1
_mBUL
_p7.00
_r0
_sY
_tBOOK
_u2017-08-08
_xTEOLOGIA
_PP35
_0COMPRA
_o.STAFF. Colección Teología
949 _a266.6732 A2
_wDEWEY
_c2
_i76703
_lCCODEBUL1
_mBUL
_p7.00
_r0
_sY
_tBOOK
_u2017-08-08
_xTEOLOGIA
_PP35
_0COMPRA
_o.STAFF. Colección Teología
596 _a1
999 _a266.6732 A2 1
_wDEWEY
_c24915
_i76702
_d24915
_f2021-11-10
_g4
_lCCODEBUL1
_mBUL
_p7.00
_q1
_r0
_sY
_tBOOK
_u2017-8-9
_xTEOLOGIA
_PP35
_0COMPRA
_o.STAFF. Colección Teología
999 _a266.6732 A2 2
_wDEWEY
_c1
_i76703
_d2017-11-10
_f2021-11-10
_g4
_lCCODEBUL1
_mBUL
_p7.00
_q1
_r0
_sY
_tBOOK
_u2017-8-9
_xTEOLOGIA
_PP35
_0COMPRA
_o.STAFF. Colección Teología
980 _81
_gALBERTO SANCHEZ Responsable de Automatización